Personnalités au hasard #7 - Statistiques

Statistiques générales
  • Ce quiz a été pris 630 fois
  • Le résultat moyen est 17 sur 32
Statistiques - réponses
Par images Réponse % Correct
Kev Adams
94%
Antoine Griezmann
93%
Thomas Pesquet
89%
Justin Bieber
84%
Patrick Bruel
84%
Victor Hugo
82%
Jonathan Cohen
81%
Karine Le Marchand
75%
Lorenzo
72%
Emma Stone
64%
Ramzy Bedia
64%
Éric Dupond-Moretti
62%
Michel Sardou
60%
Pascal Praud
60%
Kurt Cobain
59%
Bixente Lizarazu
57%
Meghan Markle
56%
Kris Jenner
53%
Eva Queen
52%
Leïla Bekhti
46%
Valérie Lemercier
45%
Maeva Ghennam
42%
Baghera Jones
41%
Amélie Mauresmo
37%
Valérie Bénaïm
35%
Évelyne Dhéliat
33%
Emilia Clarke
32%
Georges Clemenceau
27%
Jackie Kennedy
27%
Anaïs Delva
13%
James Denton
13%
Annie Ernaux
6%
Aucun quiz correspondant
Distribution des résultats
% des personnes avec chaque résultat
Percentile par nombre de réponses
Votre historique - résultats
Vous n’avez pas pris ce quiz